00671nam a2200229Ia 4500003000900000008004100009040001300050040001300063041000800076100001300084245003800097250001200135260000800147260000900155300001100164300001000175490002600185490000600211942000700217999001700224952020000241IT-RoPAU120407s9999 xx 000 0 und d aIT-RoPAU cIT-RoPAU aita aA. Hertz aMorale. Ricerca interdisciplinare aBologna aEDB c1976 a279 p. c22 cm aNuovi saggi teologici v6 cBK c31272d31272 00102ddc406241_10200000000000071aPAULUSbPAULUSd2012-04-11l0o241.102r2012-04-11 00:00:00w2012-04-11yBKzInserito da: LUCIA In data: 02 settembre 2011 fondo: Via A.Severo 56 Progr:26766